| 000 | 01185nam a22003377a 4500 | ||
|---|---|---|---|
| 003 | CHAP | ||
| 005 | 20220329133911.0 | ||
| 008 | 971013s1967 r 00010 d | ||
| 010 | _a12469 | ||
| 011 | _a13441 | ||
| 035 | _a17512 | ||
| 040 | _cCHAP | ||
| 082 |
_a636.408 _bC37Y 1962 |
||
| 100 | 0 | 0 |
_aCarroll, William Ernest. _919587 |
| 245 | _aExplotación del cerdo | ||
| 260 |
_aZaragoza : _bAcribia, _c1967 |
||
| 300 |
_a475 p. _b: ilus. |
||
| 500 | _aTrad. de la 3 ed. en inglés | ||
| 590 |
_aBATCH-UPD _b10 _c20130109 _lUCH01 _h2324 |
||
| 590 |
_aBATCH-UPD _b10 _c20130110 _lUCH01 _h2156 |
||
| 590 |
_aCONVERSION _b10 _c20130109 _lUCH01 _h1308 |
||
| 650 | 1 | 4 |
_aGanado porcino. _945328 |
| 700 | 0 |
_aAndriews, F. N. _95715 |
|
| 700 | 0 |
_aKrider, J. L. _963922 |
|
| 901 | _aBK | ||
| 942 | _cLIBRO | ||
| 949 |
_a636.408 C37Y 1962 _bBC _cLIBRO _d33724000099552 _eLIBRO _h34330 _i17512 _si _t265.00 |
||
| 949 |
_a636.408 C37Y 1962 _bBC _cLIBRO _d33724000099560 _eLIBRO _fc.2 _h36883 _i17512 _si _t265.00 |
||
| 949 |
_a636.408 C37Y 1962 _bBC _cLIBRO _d33724000600987 _eLIBRO _fc.4 _h36885 _i17512 _si _t265.00 |
||
| 949 |
_a636.408 C37Y 1962 _bBC _cLIBRO _d33724002105785 _eLIBRO _fc.5 _gI.c/e _h110961 _i17512 _st |
||
| 999 |
_c12469 _d12469 |
||